01113nam a22002537a 4500999001700000003000900017008004100026040007100067082001700138100002900155245003000184260005300214300002800267440006500295505014600360650003100506700003800537700002600575700002800601942001600629945002000645952009700665952009700762  c18396d18396AR-CdUCM190513b           ||||| |||| 00| 0 spa d  aMUNICIPALIDAD PROVINCIAL DEL CUSCOcBIBLIOTECA MUNICIPAL DEL CUSCO  a330.9 /bF47  aFielden Jones, Clarence.  aGeografía económica /  c1958.aMéxico :bFondo de cultura económica,  a722 páginas ;c24 cm.  aGeografia economicanSección de obras de economía938954  aContenido : El campo de la geografía económica -- La caza y la pesca -- La explotación forestal -- La ganadería -- La agricultura ...  aGeografía mundial.91554  aDarkenwald, Gordon Gerald.938955  aOrtiz, Teodoro938956  aStevens, Rayfred938957  2ddccLIBROS  arumd2019-05-13  002ddc4070aSHbSHcCARTd2019-05-13g60.00o330.9 / F47pSH0000013313r2019-05-13yLIBROS  002ddc4070aSHbSHcCARTd2019-05-28g25.00o330.9 / F47pSH0000015476r2019-05-28yLIBROS